000 00530nam a2200193Ia 4500
005 20250508150408.0
008 008 250505s9999 xx 000 0 eng d
037 _aTextual
040 _aFEDL
_beng
_cFEDL
041 _aeng
_2eng
084 _a370.1544, THO
_qFEDL
100 _aThorndike Edward L.
_984915
245 0 _aHuman learning
260 _aNew York, USA
_bThe Century Co.
490 _aThe century psychology
650 _aEducation
942 _cTEXL
_h370.1544, THO
999 _c1323400
_d1323400